[Event "Tourn. n8619"]
[Site "www.chess-mail.com"]
[Date "2016.04.25"]
[Round "1"]
[White "Coraza"]
[Black "Gatrooper"]
[WhiteElo "1680"]
[BlackElo "1660"]
[Result "1/2-1/2"]
[Round "1"]
1.e4 e5
2.Bf1c4 d6
3.Qd1f3 Ng8f6
4.Nb1c3 Bc8e6
5.Bc4xe6 fxe6
6.d3 Nb8c6
7.Ng1e2 h6
8.Qf3g3 Qd8e7
9.O-O Nf6h5
10.Qg3g6 Kd8
11.Qg6xh5 Kc8
12.a3 a6
13.Bc1e3 Nc6a7
14.Be3xa7 Ra8xa7
15.Qh5f3 g5
16.Qf3e3 b6
17.b4 c5
18.Nc3a4 b5
19.Na4c3 cxb4
20.axb4 g4
21.Qe3b6 Qe7b7
22.Qb6e3 d5
23.exd5 Bf8xb4
24.Qe3xe5 Rh8e8
25.Nc3e4 Re8e7
26.Qe5h8 Kc7
27.Qh8e5 Kc8
28.Qe5h8 Kd7
29.Ne4f6 Kc7
30.Nf6e8 Kb6
31.d6 Re7d7
32.Qh8d4 Bb4c5
33.Qd4e4 Qb7xe4
34.dxe4 Ra7a8
35.Ne8f6 Rd7xd6
36.e5 Rd6d2
37.Ne2f4 Bc5d4
38.Nf6xg4 Bd4xa1
39.Rf1xa1 Rd2xc2
40.Nf4xe6 Ra8e8
41.Ne6d4 Rc2d2
42.Nd4f3 Rd2d8
43.Ng4xh6 b4
44.Ra1b1 a5
45.h4 Rd8d3
46.Rb1c1 Re8h8
47.Nh6f7 Rh8h7
48.e6 Rh7g7
49.Nf3e1 Rd3d2
50.e7 Rd2e2
51.Nf7g5 Rg7xe7
52.Ng5f3 a4
53.Kf1 b3
54.Rc1b1 Kb5
55.Nf3d4 Kb4
56.Nd4c6 Kc3
57.Rb1a1 Re7e4
58.g3 Kd2
59.Ne1f3 Kc2
60.Nc6d4 Kb2
61.Ra1xa4 Re4xd4
62.Nf3xd4 Re2d2
63.Nd4e2 Kc2
64.Ra4c4 Kb2
65.Rc4b4 Rd2d1
66.Kg2 Ka3
67.Rb4b7 b2
68.Ne2c3 Rd1c1
69.Rb7a7 Kb3
70.Nc3a2 Rc1a1
71.Ra7b7 Kxa2
72.Rb7a7 Kb3
73.Ra7b7 Kc2
74.Rb7c7 Kb3
75.Rc7b7 { draw }
1/2-1/2

[Event "Tourn. n8613"]
[Site "www.chess-mail.com"]
[Date "2016.04.25"]
[Round "1"]
[White "Elogic"]
[Black "Osopanda"]
[WhiteElo "1910"]
[BlackElo "2030"]
[Result "1/2-1/2"]
[Round "1"]
1.d4 d5
2.Bc1f4 e6
3.c4 c6
4.c5 Ng8f6
5.Ng1f3 Bf8e7
6.e3 Nb8d7
7.Nb1c3 O-O
8.h3 Rf8e8
9.Bf1d3 Nd7f8
10.g4 Nf8g6
11.Bd3xg6 fxg6
12.Nf3e5 Nf6e4
13.Nc3xe4 dxe4
14.Qd1c2 g5
15.Bf4g3 Be7f6
16.Qc2xe4 Qd8d5
17.Qe4xd5 exd5
18.Ne5f3 g6
19.O-O-O b6
20.cxb6 axb6
21.a3 Bc8a6
22.Rd1e1 Ba6d3
23.Bg3e5 Bd3e4
24.Be5xf6 Be4xf3
25.Rh1h2 h6
26.Kc2 Kf7
27.Bf6e5 Bf3e4
28.Kc3 Re8c8
29.h4 gxh4
30.Rh2xh4 h5
31.gxh5 gxh5
32.Rh4xh5 c5
33.Be5g3 cxd4
34.Kxd4 Ra8a4
35.Ke5 Rc8e8
36.Kd6 Re8e6
37.Kc7 Ra4c4
38.Kb8 Re6e8
39.Ka7 Rc4c6
40.Rh5e5 Re8d8
41.b4 b5
42.Kb7 Rc6g6
43.Re1c1 Rd8d7
44.Rc1c7 Rd7xc7
45.Kxc7 Kf6
46.Kc6 Kf7
47.Kxb5 Kf6
48.a4 Be4d3
49.Kc5 Bd3c4
50.Kd4 Rg6g4
51.Kc5 Rg4g8
52.Re5xd5 Bc4xd5
53.Kxd5 Ke7
54.Bg3d6 Kd7
55.a5 Rg8g2
56.f4 Rg2d2
57.Ke4 Kxd6
58.b5 Rd2a2
59.a6 Kc5
60.f5 Kxb5
61.f6 Ra2xa6
62.Ke5 Kc5
63.f7 Ra6a8
64.Ke6 Ra8f8
65.e4 Rf8xf7
66.Kxf7 { draw }
1/2-1/2

[Event "Tourn. n8725"]
[Site "www.chess-mail.com"]
[Date "2016.04.25"]
[Round "1"]
[White "Redabond"]
[Black "Cal"]
[WhiteElo "1550"]
[BlackElo "1650"]
[Result "0-1"]
[Round "1"]
1.d4 d5
2.Bc1f4 Nb8c6
3.Nb1c3 e6
4.Nc3b5 Bf8d6
5.Bf4xd6 cxd6
6.Ng1f3 a6
7.Nb5c3 h6
8.e3 b5
9.a3 Bc8b7
10.Bf1d3 Ng8f6
11.O-O O-O
12.Rf1e1 e5
13.dxe5 dxe5
14.h3 d4
15.exd4 exd4
16.Nc3e2 Rf8e8
17.Ne2xd4 Re8xe1
18.Qd1xe1 Qd8d7
19.Nd4xc6 Bb7xc6
20.Nf3e5 Qd7d6
21.Qe1e3 Ra8e8
22.Ne5xf7 Kxf7
23.Ra1d1 Re8xe3
24.fxe3 Qd6e5
25.Rd1f1 Qe5xe3
26.Kh1 Qe3xh3
27.Kg1 Qh3xg2
{ resign }
0-1

[Event "Tourn. n8606"]
[Site "www.chess-mail.com"]
[Date "2016.04.25"]
[Round "1"]
[White "Sontuozio"]
[Black "Tartan"]
[WhiteElo "2220"]
[BlackElo "2410"]
[Result "0-1"]
[Round "1"]
1.d4 Ng8f6
2.Ng1f3 d5
3.e3 e6
4.Bf1d3 Nb8d7
5.Nb1d2 c5
6.c3 Bf8e7
7.O-O O-O
8.a3 b6
9.b4 c4
10.Bd3c2 Bc8b7
11.Rf1e1 Qd8c7
12.e4 dxe4
13.Nd2xe4 Nf6d5
14.Bc1d2 a5
15.Qd1e2 Rf8c8
16.h4 axb4
17.axb4 h6
18.h5 Rc8d8
19.Nf3h2 Qc7c6
20.Qe2f3 f5
21.Ne4g3 b5
22.Ng3xf5 exf5
23.Bc2xf5 Ra8xa1
24.Re1xa1 Be7d6
25.Nh2g4 Kh8
26.Bf5e4 Rd8f8
27.Qf3h3 Qc6c8
28.Be4xd5 Bb7xd5
29.Ng4e3 Qc8c6
30.Ra1a7 Nd7f6
31.Ne3xd5 Qc6xd5
32.g4 Nf6e4
33.Bd2e1 Ne4g5
34.Qh3g2 Ng5f3
35.Kh1 Qd5e4
36.Ra7a1 Rf8f4
{ resign }
0-1

[Event "Tourn. n8694"]
[Site "www.chess-mail.com"]
[Date "2016.04.25"]
[Round "1"]
[White "Daquata"]
[Black "Gatrooper"]
[WhiteElo "1680"]
[BlackElo "1570"]
[Result "1-0"]
[Round "1"]
1.e4 e5
2.Ng1f3 Nb8c6
3.Bf1c4 d6
4.d4 Bc8e6
5.d5 Nc6a5
6.dxe6 Na5xc4
7.exf7 Kxf7
8.Qd1d5 Ke8
9.Qd5xc4 Ng8f6
10.Nb1c3 a6
11.Bc1g5 h6
12.Bg5xf6 gxf6
13.O-O-O b5
14.Qc4c6 Ke7
15.Nc3d5 Kf7
16.Qc6xc7 Qd8xc7
17.Nd5xc7 Ra8c8
18.Nc7xa6 Rc8a8
19.Na6b4 d5
20.Nb4xd5 Ra8d8
21.Rd1d3 Bf8e7
22.Nd5xe7 Kxe7
23.Rh1d1 Rd8xd3
24.Rd1xd3 Rh8g8
25.g3 Rg8g4
26.Nf3d2 b4
27.Rd3b3 Kd6
28.Rb3xb4 Kc5
29.Rb4b8 Kd4
30.a4 Rg4g7
31.a5 Rg7c7
32.b4 Kc3
33.a6 Rc7a7
34.b5 h5
35.Rb8b7 Ra7a8
36.a7 Ra8d8
37.Rb7c7 Kb4
38.b6 Kb5
39.b7 Kb6
40.b8Q Rd8xb8
41.axb8Q Ka6
42.Rc7a7 { resign }
1-0

[Event "Tourn. n8680"]
[Site "www.chess-mail.com"]
[Date "2016.04.25"]
[Round "1"]
[White "Darko10"]
[Black "Tartan"]
[WhiteElo "2540"]
[BlackElo "2440"]
[Result "1-0"]
[Round "1"]
1.e4 c5
2.Ng1f3 Nb8c6
3.d4 cxd4
4.Nf3xd4 g6
5.Nb1c3 Bf8g7
6.Bc1e3 Ng8f6
7.Bf1c4 Qd8a5
8.O-O O-O
9.Nd4b3 Qa5c7
10.Bc4e2 d6
11.f4 b6
12.a4 Bc8b7
13.Be2f3 Nc6a5
14.Nb3xa5 bxa5
15.Qd1e2 Ra8c8
16.Ra1a3 Nf6d7
17.Bf3g4 f5
18.exf5 gxf5
19.Bg4f3 Nd7b6
20.Nc3b5 Bb7xf3
21.Qe2xf3 Qc7xc2
22.Nb5xa7 Rc8b8
23.Na7c6 Bg7xb2
24.Nc6xe7 Kg7
25.Be3f2 Qc2e4
26.Qf3g3 Kh8
27.Ra3e3 { resign }
1-0

[Event "Tourn. n8692"]
[Site "www.chess-mail.com"]
[Date "2016.04.25"]
[Round "1"]
[White "Milkyway"]
[Black "Elogic"]
[WhiteElo "1809"]
[BlackElo "1820"]
[Result "1-0"]
[Round "1"]
1.e4 e5
2.Ng1f3 Nb8c6
3.Bf1b5 Qd8f6
4.Nb1c3 a6
5.Nc3d5 Qf6d6
6.Bb5xc6 bxc6
7.Nd5c3 g6
8.d4 Bf8g7
9.dxe5 Bg7xe5
10.Nf3xe5 Qd6xe5
11.O-O Ng8f6
12.f4 Qe5c5
13.Kh1 O-O
14.e5 Nf6h5
15.Nc3e4 Qc5b6
16.Qd1e1 Rf8e8
17.Qe1h4 d5
18.Ne4f6 Nh5xf6
19.exf6 Bc8f5
20.Qh4h6 { resign }
1-0

[Event "Tourn. n8670"]
[Site "www.chess-mail.com"]
[Date "2016.04.25"]
[Round "1"]
[White "Jjmcbride"]
[Black "Cardiff"]
[WhiteElo "1690"]
[BlackElo "1660"]
[Result "0-1"]
[Round "1"]
1.e3 d5
2.d4 Ng8f6
3.c4 e6
4.c5 b6
5.b4 a5
6.b5 bxc5
7.Bc1a3 Nb8d7
8.Ng1f3 Bf8e7
9.dxc5 Be7xc5
10.Qd1c1 Bc5d6
11.Ba3b2 O-O
12.Bf1d3 Bc8b7
13.Nb1d2 Qd8e7
14.O-O Nd7c5
 { time }
0-1

[Event "Tourn. n8690"]
[Site "www.chess-mail.com"]
[Date "2016.04.25"]
[Round "1"]
[White "Seger"]
[Black "Tonino1"]
[WhiteElo "2720"]
[BlackElo "2210"]
[Result "1-0"]
[Round "1"]
1.e4 c5
2.Ng1f3 d6
3.d4 cxd4
4.Nf3xd4 Ng8f6
5.Nb1c3 g6
6.Bc1e3 Bf8g7
7.f3 O-O
8.Qd1d2 Bg7h8
9.O-O-O Nb8c6
10.g4 Qd8a5
11.Nd4b3 Qa5d8
12.Kb1 Bc8e6
13.Be3h6 Ra8c8
14.Bh6xf8 Kxf8
15.h4 Nc6e5
16.Nb3d4 Be6c4
17.g5 Bc4xf1
18.gxf6  { time }
1-0

[Event "Match"]
[Site "www.echecsemail.com"]
[Date "2016.04.25"]
[Round "1"]
[White "Coraza"]
[Black "Gearoidmac"]
[WhiteElo "1680"]
[BlackElo "2239"]
[Result "0-1"]
[Round "1"]
1.e4 e6
2.d4 d5
3.e5 c5
4.Ng1f3 Nb8c6
5.Bf1b5 Bc8d7
6.Bc1g5 Bf8e7
7.Bg5xe7 Ng8xe7
8.Nf3g5 Qd8a5
9.Nb1c3 cxd4
10.Qd1f3 Nc6xe5
11.Bb5xd7 Kxd7
12.Qf3g3 dxc3
13.b3 Ne7f5
14.Qg3xe5 h6
15.Ng5h3 f6
16.Qe5e2 Nf5d4
17.Qe2d3 e5
18.O-O Kc6
19.a4 Qa5c5
20.a5 g5
21.Kh1 e4
22.Qd3d1 b5
23.f4 g4
24.Qd1xg4 Nd4xc2
25.Qg4e6 Qc5d6
26.Qe6xd6 Kxd6
27.Ra1c1 Nc2e3
28.Rf1e1 d4
29.Nh3f2 Kd5
30.h3 Ra8c8
31.Nf2g4 Ne3xg4
32.hxg4 c2
33.b4 d3
34.Re1f1 d2
35.Rf1d1 cxd1Q
36.Rc1xd1 Rc8c1
{ resign }
0-1

[Event "Match"]
[Site "www.echecsemail.com"]
[Date "2016.04.25"]
[Round "1"]
[White "Manolinex"]
[Black "Jacks"]
[WhiteElo "2900"]
[BlackElo "2860"]
[Result "1/2-1/2"]
[Round "1"]
1.e4 c6
2.d4 d5
3.Nb1c3 dxe4
4.Nc3xe4 Bc8f5
5.Ne4g3 Bf5g6
6.Ng1f3 Nb8d7
7.Bf1d3 e6
8.Bd3xg6 hxg6
9.O-O Ng8f6
10.Rf1e1 Qd8c7
11.c4 Bf8d6
12.Bc1g5 O-O
13.a3 c5
14.Qd1e2 Rf8e8
15.dxc5 Bd6xc5
16.b4 Bc5e7
17.Ra1b1 a5
18.Re1c1 axb4
19.axb4 b6
20.Nf3d4 Ra8a4
21.Nd4b5 Qc7c6
22.Nb5d4 { draw }
1/2-1/2

[Event "Match"]
[Site "www.echecsemail.com"]
[Date "2016.04.25"]
[Round "1"]
[White "Elogic"]
[Black "Chapi"]
[WhiteElo "1840"]
[BlackElo "2120"]
[Result "0-1"]
[Round "1"]
1.b3 Nb8c6
2.e4 e5
3.Ng1f3 Ng8f6
4.Nb1c3 Bf8b4
5.Nc3d5 Bb4c5
6.Nd5xf6 Qd8xf6
7.c3 a5
8.Bf1c4 d6
9.d4 exd4
10.cxd4 Nc6xd4
11.e5 Nd4xf3
12.gxf3 Qf6xe5
13.Bc1e3 Bc5xe3
14.fxe3 Qe5xe3
15.Qd1e2 Qe3xe2
16.Kxe2 O-O
17.Ra1d1 Rf8e8
{ resign }
0-1

[Event "Match"]
[Site "www.echecsemail.com"]
[Date "2016.04.25"]
[Round "1"]
[White "Crush"]
[Black "B0zata"]
[WhiteElo "1630"]
[BlackElo "1799"]
[Result "0-1"]
[Round "1"]
1.e4 c5
2.d4 cxd4
3.Qd1xd4 Nb8c6
4.Qd4d2 Ng8f6
5.Bf1c4 Nf6xe4
6.Qd2f4 Ne4f6
7.Nb1c3 e5
8.Qf4f5 d5
9.Qf5d3 dxc4
10.Qd3xd8 Kxd8
11.Ng1f3 { time. }
0-1

[Event "Match"]
[Site "www.echecsemail.com"]
[Date "2016.04.25"]
[Round "1"]
[White "Mitja"]
[Black "Elogic"]
[WhiteElo "1850"]
[BlackElo "1870"]
[Result "1-0"]
[Round "1"]
1.d4 g6
2.e3 d5
3.h3 b6
4.c3 c6
5.Ng1f3 Bc8f5
6.Bf1d3 Bf5xd3
7.Qd1xd3 a5
8.b3 Bf8g7
9.Bc1b2 e6
10.Nb1d2 Nb8d7
11.a4 f5
12.c4 dxc4
13.Qd3xc4 Ke7
14.Qc4xc6 Ra8c8
15.Qc6b5 Ng8f6
16.Nf3e5 Nd7xe5
17.Qb5xe5 Rc8c2
18.Ra1b1 Rc2xd2
19.O-O Rd2c2
20.Rf1c1 Rc2xc1
21.Rb1xc1 Kf7
22.Rc1c7 Nf6d7
23.Qe5d6 Kf6
24.d5 Kg5
25.Bb2xg7 Rh8g8
26.Rc7xd7 Qd8c8
27.Qd6f4 { resign }
1-0

[Event "Match"]
[Site "www.echecsemail.com"]
[Date "2016.04.25"]
[Round "1"]
[White "Darko10"]
[Black "Milkyway"]
[WhiteElo "2540"]
[BlackElo "1809"]
[Result "1-0"]
[Round "1"]
1.e4 c6
2.d4 d5
3.e5 Bc8f5
4.Nb1c3 e6
5.Ng1e2 Bf8b4
6.a3 Bb4xc3
7.Ne2xc3 Nb8d7
8.Bc1e3 Ng8e7
9.Bf1e2 O-O
10.h4 f6
11.exf6 Nd7xf6
12.g4 Bf5g6
13.h5 Bg6f7
14.h6 Bf7g6
15.hxg7 Rf8f7
16.Qd1d2 Kxg7
17.O-O-O Kg8
18.f3 Kf8
19.Be3f4 Kg8
20.Rd1e1 Qd8d7
21.Bf4e5 Nf6e8
22.Qd2h6 Ne8d6
23.Be2d3 Bg6xd3
24.cxd3 Ne7g6
25.Qh6xg6 { resign }
1-0

[Event "Match"]
[Site "www.echecsemail.com"]
[Date "2016.04.25"]
[Round "1"]
[White "Dimos40"]
[Black "Milkyway"]
[WhiteElo "2290"]
[BlackElo "2269"]
[Result "1-0"]
[Round "1"]
1.e4 d6
2.d4 Ng8f6
3.Nb1c3 g6
4.f3 c6
5.Bc1e3 Bf8g7
6.Qd1d2 h6
7.O-O-O Qd8a5
8.Kb1 b5
9.e5 dxe5
10.dxe5 Nf6d7
11.e6 fxe6
12.Nc3xb5 Qa5xd2
13.Nb5c7 { resign }
1-0

[Event "Eq:Equipo Juan Diaz-Slap Shot Mates : "]
[Site "www.chess-mail.com"]
[Date "2016.04.25"]
[Round "1"]
[White "Ilusion"]
[Black "Paaliaq"]
[WhiteElo "2120"]
[BlackElo "2189"]
[Result "0-1"]
[Round "1"]
1.d4 f5
2.e4 fxe4
3.Nb1c3 Ng8f6
4.Bc1g5 c6
5.Bg5xf6 exf6
6.Nc3xe4 d5
7.Ne4g3 Qd8e7
8.Qd1e2 Qe7xe2
9.Bf1xe2 Bf8d6
10.Ng1f3 O-O
11.O-O Nb8a6
12.c3 Na6c7
13.Rf1e1 Bc8d7
14.Ng3f1 Ra8e8
15.Nf1e3 g6
16.h3 Kg7
17.Be2d3 Rf8f7
18.a4 Nc7e6
19.g3 Ne6g5
20.Nf3xg5 fxg5
21.Kg2 Re8f8
22.Re1e2 Rf7f3
23.g4 h5
24.Ne3f5 gxf5
25.Kxf3 fxg4
26.Kg2 gxh3
27.Kh1 Bd7g4
{ resign }
0-1

[Event "Tourn. n8730"]
[Site "www.chess-mail.com"]
[Date "2016.04.26"]
[Round "1"]
[White "Malbertan"]
[Black "Derfel83"]
[WhiteElo "2040"]
[BlackElo "1950"]
[Result "0-1"]
[Round "1"]
1.e4 e6
2.d4 d5
3.e5 c5
4.c3 Qd8b6
5.Ng1f3 Bc8d7
6.Bf1d3 Ng8e7
7.O-O cxd4
8.cxd4 Nb8c6
9.Nb1c3 Nc6xd4
10.Nf3xd4 Qb6xd4
11.Bc1e3 Qd4xe5
12.Rf1e1 d4
13.Be3d2 Qe5b8
14.Nc3b5 Ne7c6
15.Qd1f3 a6
16.Nb5a3 Bf8d6
17.h3 Nc6e5
18.Qf3e2 Ne5xd3
19.Qe2xd3 O-O
20.Na3c4 Bd6c5
21.Nc4e5 Bd7b5
22.Qd3g3 g6
23.Bd2h6 Rf8d8
24.Qg3f4 f5
25.Qf4g5 Bc5f8
26.Qg5f6 Bf8xh6
27.Qf6xe6 Kg7
28.Qe6e7 Kg8
29.Ne5f7 Bh6f8
30.Qe7e6 Rd8e8
31.Qe6d5 Bb5c6
32.Qd5b3 Kg7
33.Nf7e5 Re8xe5
{ resign }
0-1

[Event "Tourn. n8751"]
[Site "www.chess-mail.com"]
[Date "2016.04.26"]
[Round "1"]
[White "Amo"]
[Black "Vitoriccardo"]
[WhiteElo "1809"]
[BlackElo "1910"]
[Result "0-1"]
[Round "1"]
1.b3 e5
2.e4 Ng8f6
3.Nb1c3 d5
4.exd5 Nf6xd5
5.Nc3xd5 Qd8xd5
6.Bf1c4 Qd5xg2
7.Qd1h5 Qg2e4
8.Kd1 Bc8g4
9.Qh5xg4 Qe4xg4
10.Bc4e2 Qg4g2
{ resign }
0-1

[Event "Tourn. n8693"]
[Site "www.chess-mail.com"]
[Date "2016.04.26"]
[Round "1"]
[White "0o0o0"]
[Black "Difficult"]
[WhiteElo "1990"]
[BlackElo "1890"]
[Result "1-0"]
[Round "1"]
1.e4 e5
2.Ng1f3 Nb8c6
3.Bf1b5 a6
4.Bb5a4 d6
5.h3 Ng8f6
6.d3 Bf8e7
7.c3 O-O
8.O-O b5
9.Ba4b3 Bc8e6
10.Bb3xe6 fxe6
11.Qd1b3 d5
12.exd5 Nf6xd5
13.Rf1e1 Rf8xf3
14.gxf3 Qd8d6
15.Nb1d2 Nd5f4
16.Nd2e4 Qd6d5
17.c4 Qd5xd3
18.Bc1xf4 Qd3xb3
19.axb3 exf4
20.cxb5 Nc6b4
21.Re1c1 Be7d6
22.Ne4xd6 cxd6
23.bxa6 { resign }
1-0

[Event "Tourn. n8678"]
[Site "www.chess-mail.com"]
[Date "2016.04.26"]
[Round "1"]
[White "Falcoale"]
[Black "Attatroll"]
[WhiteElo "1820"]
[BlackElo "1970"]
[Result "0-1"]
[Round "1"]
1.e4 c5
2.Ng1f3 e6
3.d4 cxd4
4.Nf3xd4 Ng8f6
5.Nb1c3 Nb8c6
6.Nd4xc6 bxc6
7.Bf1d3 d5
8.O-O Bf8e7
9.e5 Nf6d7
10.f4 O-O
11.Qd1h5 g6
12.Qh5e2 c5
13.Nc3b5 Bc8b7
14.Bc1d2 Qd8b6
15.Nb5c3 c4
16.Kh1 cxd3
17.cxd3 Bb7a6
18.b3 Nd7c5
19.Qe2d1 Nc5xd3
20.Rf1f3 Nd3f2
21.Rf3xf2 Qb6xf2
22.a3 Ra8c8
23.b4 Ba6c4
24.Qd1e1 Be7h4
25.Nc3a4 d4
26.Na4c5 Qf2xe1
27.Bd2xe1 Bh4xe1
28.Ra1xe1 Rf8d8
29.h3 d3
30.Re1d1 Rc8xc5
31.bxc5 d2
32.c6 Bc4a6
33.Kg1 Ba6e2
{ resign }
0-1

[Event "Tourn. n8714"]
[Site "www.chess-mail.com"]
[Date "2016.04.26"]
[Round "1"]
[White "Mars91"]
[Black "Roque1"]
[WhiteElo "2089"]
[BlackElo "2080"]
[Result "1-0"]
[Round "1"]
1.e4 c5
2.Ng1f3 e6
3.c4 Nb8c6
4.d4 cxd4
5.Nf3xd4 Nc6xd4
6.Qd1xd4 Ng8f6
7.Nb1c3 Bf8b4
8.e5 Nf6g8
9.a3 Ng8e7
{ time. }
1-0

[Event "Tourn. n8710"]
[Site "www.chess-mail.com"]
[Date "2016.04.26"]
[Round "1"]
[White "Tevere"]
[Black "Shlomo"]
[WhiteElo "1819"]
[BlackElo "1700"]
[Result "1-0"]
[Round "1"]
1.d4 d5
2.c4 e6
3.Nb1c3 c5
4.cxd5 cxd4
5.Qd1a4 Bc8d7
6.Qa4xd4 exd5
7.Qd4xd5 Nb8c6
8.Ng1f3 Ng8f6
9.Qd5b3 Bf8c5
10.Bc1g5 O-O
11.e3 h6
12.Bg5h4 Rf8e8
13.Bf1e2 b6
14.O-O g5
15.Bh4g3 g4
16.Nf3h4 Nf6e4
17.Rf1d1 Ne4xg3
18.hxg3 Qd8e7
19.Nh4g6 Qe7e6
20.Be2c4 Qe6xg6
21.Rd1xd7 Re8e7
22.Bc4d3 Qg6e6
23.Qb3xe6 fxe6
24.Rd7xe7 Nc6xe7
25.Bd3c4 Kf7
26.Nc3e4 Ra8d8
27.Bc4e2 h5
28.Be2c4 Ne7g6
29.Ne4g5 Ke7
30.Ng5xe6 Rd8d2
31.Ne6xc5 bxc5
32.b3 h4
33.gxh4 Ng6xh4
34.a4 Kf6
35.a5 Kg5
36.a6 Nh4f5
37.Ra1a5 Kh4
38.Ra5xc5 g3
39.Rc5xf5 gxf2
40.Rf5xf2 Rd2xf2
41.Kxf2 Kg4
42.e4 Kf4
43.Bc4d5 Ke5
44.Ke3 Kd6
45.Kd4 { resign }
1-0

[Event "Tourn. n8751"]
[Site "www.chess-mail.com"]
[Date "2016.04.26"]
[Round "1"]
[White "Vitoriccardo"]
[Black "Bojan"]
[WhiteElo "1910"]
[BlackElo "1890"]
[Result "1-0"]
[Round "1"]
1.e4 d5
2.exd5 Ng8f6
3.d4 Nf6xd5
4.c4 Nd5f6
5.Nb1c3 Bc8f5
6.Ng1f3 h6
7.Qd1b3 b6
8.c5 Nb8c6
9.Bf1b5 Bf5e4
10.Nc3xe4 Qd8d7
11.Ne4xf6 exf6
12.d5 Qd7e7
13.Qb3e3 Qe7xe3
14.Bc1xe3 O-O-O
15.Bb5xc6 bxc5
16.O-O Bf8d6
17.Ra1b1 g5
18.Nf3d2 f5
19.Nd2b3 f4
20.Be3xc5 Bd6xc5
21.Nb3xc5 h5
22.Rf1e1 g4
23.Re1e4 f3
24.Re4b4 Rd8g8
25.Bc6d7 Kd8
26.Rb4b8 Ke7
27.Rb8xg8 Rh8xg8
28.Bd7c6 Kd6
29.Nc5e4 Ke5
30.Rb1e1 h4
31.Ne4g5 Kf4
32.Ng5xf7 g3
33.Re1e4 Kf5
34.Nf7h6 { resign }
1-0

[Event "Tourn. n8596"]
[Site "www.chess-mail.com"]
[Date "2016.04.26"]
[Round "1"]
[White "Tartan"]
[Black "Starwind"]
[WhiteElo "2380"]
[BlackElo "2330"]
[Result "0-1"]
[Round "1"]
1.e4 e6
2.d4 d5
3.Nb1c3 Ng8f6
4.Bc1g5 dxe4
5.Nc3xe4 Bf8e7
6.Bg5xf6 Be7xf6
7.Ng1f3 O-O
8.Qd1d2 Nb8d7
9.O-O-O Bf6e7
10.Bf1d3 b6
11.h4 Bc8b7
12.Qd2f4 Nd7f6
13.Ne4xf6 Be7xf6
14.Nf3g5 h6
15.Ng5h7 Rf8e8
16.Nh7xf6 Qd8xf6
17.Qf4xf6 gxf6
18.Rh1e1 Re8d8
19.c3 f5
20.f3 Kg7
21.Kc2 Kf6
22.Rd1d2 Rd8d6
23.Re1e2 a5
24.Bd3c4 a4
25.a3 f4
26.Rd2d1 Ra8a5
27.Re2e1 Ra5h5
28.Re1h1 b5
29.Bc4d3 Bb7d5
30.Kb1 Rd6d8
31.Rd1e1 c5
32.Bd3xb5 Bd5b3
33.dxc5 Rh5xc5
34.Bb5f1 Rd8d2
{ resign }
0-1

[Event "Tourn. n8701"]
[Site "www.chess-mail.com"]
[Date "2016.04.26"]
[Round "1"]
[White "Mrfunk"]
[Black "Milkyway"]
[WhiteElo "2410"]
[BlackElo "2269"]
[Result "1-0"]
[Round "1"]
1.e4 e6
2.d4 d5
3.Nb1c3 dxe4
4.Nc3xe4 Bc8d7
5.Ng1f3 Bd7c6
6.Bf1d3 Nb8d7
7.O-O Ng8f6
8.Ne4g3 Bf8e7
9.Qd1e2 O-O
10.c3 b6
11.Rf1d1 Bc6xf3
12.Qe2xf3 c5
13.dxc5 Be7xc5
14.Bd3b5 Qd8c7
15.Bc1f4 e5
16.Bf4g5 h6
17.Bg5xh6 gxh6
18.Rd1xd7 Nf6xd7
19.Ng3f5 Rf8d8
20.Qf3g3 { resign }
1-0

[Event "Tourn. n8692"]
[Site "www.chess-mail.com"]
[Date "2016.04.26"]
[Round "1"]
[White "Hundegana"]
[Black "Roque1"]
[WhiteElo "1910"]
[BlackElo "2040"]
[Result "1-0"]
[Round "1"]
1.e4 c5
2.c4 e6
3.Ng1f3 Ng8f6
4.d3 Bf8e7
5.Bc1g5 O-O
6.Nb1c3 Nb8c6
7.a3 Qd8b6
8.Qd1c2 d6
9.Ra1d1 e5
10.Bg5xf6 Be7xf6
11.Nc3d5 Qb6d8
12.Bf1e2 Bc8e6
13.Nd5xf6 Qd8xf6
14.Rd1b1 Nc6d4
15.Nf3xd4 cxd4
16.O-O Ra8c8
17.Qc2d2 Rc8c7
18.f4 Qf6h6
19.Rb1d1 f5
20.fxe5 Qh6xd2
21.Rd1xd2 dxe5
22.exf5 Be6xf5
23.b3 Rc7f7
24.Be2f3 Bf5g4
{ time. }
1-0

[Event "Tourn. n8692"]
[Site "www.chess-mail.com"]
[Date "2016.04.26"]
[Round "1"]
[White "Roque1"]
[Black "Milkyway"]
[WhiteElo "2040"]
[BlackElo "1809"]
[Result "0-1"]
[Round "1"]
1.e4 d6
2.d4 Ng8f6
3.Nb1c3 g6
4.Ng1f3 Bf8g7
5.Bf1d3 O-O
6.O-O Bc8g4
7.Bc1g5 h6
8.Bg5h4 Nb8c6
9.h3 Bg4xf3
10.Qd1xf3 Nc6xd4
11.Qf3e3 Nd4e6
12.f4 Ne6c5
13.e5 Nf6d7
{ time. }
0-1

[Event "Tourn. n8667"]
[Site "www.chess-mail.com"]
[Date "2016.04.26"]
[Round "1"]
[White "Marbachess"]
[Black "Mrfunk"]
[WhiteElo "2490"]
[BlackElo "2290"]
[Result "1/2-1/2"]
[Round "1"]
1.f4 c5
2.b3 Ng8f6
3.Bc1b2 Nb8c6
4.Ng1f3 e6
5.e3 b6
6.Nf3e5 Bc8b7
7.Bf1e2 Bf8e7
8.O-O O-O
9.a4 a6
10.Be2f3 d5
11.c4 Qd8c7
12.Ne5xc6 Qc7xc6
13.d3 Rf8d8
14.Nb1d2 Qc6d7
15.Qd1e2 b5
16.Rf1d1 Bb7c6
17.Bb2e5 bxc4
18.dxc4 Qd7b7
19.cxd5 exd5
20.Qe2d3 Ra8c8
21.Ra1b1 a5
22.h3 Qb7a7
23.Kh2 Nf6d7
24.Be5b2 Be7f6
25.Bf3xd5 Nd7b6
26.Bb2xf6 Rd8xd5
27.Qd3c3 gxf6
28.Nd2e4 Nb6d7
29.Ne4d6 Rc8b8
30.e4 Rd5xd6
31.Rd1xd6 Bc6xa4
32.e5 fxe5
33.Qc3g3 Kh8
34.fxe5 Nd7f8
35.e6 Nf8xe6
36.Qg3e5 Kg8
37.Rd6xe6 { draw }
1/2-1/2

[Event "Tourn. n8664"]
[Site "www.chess-mail.com"]
[Date "2016.04.26"]
[Round "1"]
[White "Knightjumper"]
[Black "Nugun"]
[WhiteElo "1690"]
[BlackElo "1750"]
[Result "0-1"]
[Round "1"]
1.d4 Ng8f6
2.c4 e6
3.Ng1f3 b6
4.Nb1c3 Bc8b7
5.g3 Bf8b4
6.Bc1d2 d5
7.cxd5 exd5
8.Bf1g2 Nb8c6
9.O-O O-O
10.a3 Bb4d6
11.Nc3b5 Qd8e7
12.Nb5xd6 Qe7xd6
13.Bd2c3 Ra8e8
14.e3 Nf6e4
15.Ra1c1 Bb7a6
16.Rf1e1 Nc6e7
17.Bc3b4 c5
18.dxc5 bxc5
19.Bb4c3 Ne7f5
20.Qd1c2 Re8e6
21.Rc1d1 Nf5e7
22.Bg2f1 c4
23.Nf3d4 Re6f6
24.Re1e2 Ba6c8
25.Bf1g2 Bc8g4
26.f3 Ne4xc3
27.Qc2xc3 Bg4d7
28.Nd4c2 Ne7f5
29.e4 Rf8e8
30.Rd1e1 Qd6c5
31.Kh1 Nf5xg3
{ resign }
0-1

[Event "Tourn. n8693"]
[Site "www.chess-mail.com"]
[Date "2016.04.26"]
[Round "1"]
[White "Falcoale"]
[Black "0o0o0"]
[WhiteElo "1860"]
[BlackElo "1990"]
[Result "0-1"]
[Round "1"]
1.e4 c5
2.Ng1f3 Nb8c6
3.d4 cxd4
4.Nf3xd4 e5
5.Nd4b3 d6
6.c3 Ng8f6
7.Bf1d3 Bf8e7
8.O-O O-O
9.f4 exf4
10.Bc1xf4 Nf6g4
11.Nb3d4 Be7f6
12.Nb1d2 Nc6xd4
13.cxd4 Bf6xd4
14.Kh1 Ng4f2
15.Rf1xf2 Bd4xf2
16.Qd1c2 Qd8f6
17.Bf4g3 Bf2xg3
18.hxg3 Qf6h6
19.Kg1 Bc8g4
20.Nd2f3 Ra8c8
21.Qc2b3 Kh8
22.Qb3xb7 Qh6e3
23.Kh2 Qe3xd3
24.Qb7xa7 Bg4xf3
25.gxf3 Qd3xf3
26.Qa7d4 Rc8c2
27.Kh3 Qf3h5

0-1

[Event "Match"]
[Site "www.echecsemail.com"]
[Date "2016.04.26"]
[Round "1"]
[White "Claudia"]
[Black "Jean"]
[WhiteElo "999"]
[BlackElo "1019"]
[Result "1-0"]
[Round "1"]
1.d4 d5
2.c4 dxc4
3.Ng1f3 b5
4.e3 g6
5.a4 bxa4
6.Qd1xa4 c6
7.Bf1xc4 a5
8.Nf3e5 g5
9.Bc4xf7 
1-0

[Event "Match"]
[Site "www.echecsemail.com"]
[Date "2016.04.26"]
[Round "1"]
[White "Micheles"]
[Black "Nimzo"]
[WhiteElo "2490"]
[BlackElo "2830"]
[Result "0-1"]
[Round "1"]
1.d4 e6
2.Ng1f3 c5
3.e3 Ng8f6
4.Bf1d3 d5
5.c3 Nb8c6
6.Nb1d2 Bf8d6
7.O-O O-O
8.dxc5 Bd6xc5
9.e4 Qd8c7
10.Qd1e2 b6
11.e5 Nf6g4
12.Bd3xh7 Kxh7
13.Nf3g5 Kg8
14.Qe2xg4 Qc7xe5
15.Nd2f3 Qe5f6
16.Qg4h4 Qf6g6
17.Rf1e1 e5
18.b4 Bc5d6
19.b5 Nc6d8
20.Nf3xe5 Bd6xe5
21.Re1xe5 f6
22.Re5xd5 fxg5
23.Qh4xg5 Qg6xg5
24.Bc1xg5 Bc8e6
25.Rd5d4 Nd8b7
26.h4 Rf8c8
27.Rd4e4 Rc8e8
28.a4 Nb7c5
29.Re4e5 Be6c4
30.Re5xe8 Ra8xe8
31.Bg5e3 Kf7
32.Be3xc5 bxc5
33.Ra1d1 Bc4b3
34.Rd1d7 Re8e7
35.Rd7xe7 Kxe7
36.a5 Bb3a4
37.b6 axb6
38.axb6 Kd6
39.g4 Kc6
40.Kg2 Kxb6
41.h5 Ba4d1
42.Kg3 Kb5
{ resign }
0-1

[Event "Match"]
[Site "www.echecsemail.com"]
[Date "2016.04.26"]
[Round "1"]
[White "Azulmarino"]
[Black "Sagara1977"]
[WhiteElo "1470"]
[BlackElo "1580"]
[Result "1-0"]
[Round "1"]
1.e4 e5
2.Ng1f3 Qd8f6
3.Bf1c4 Bf8c5
4.d3 Nb8a6
5.a3 Ng8h6
6.Bc1g5 Qf6b6
7.Nf3xe5 Qb6xb2
8.Nb1d2 Qb2xe5
9.Bg5xh6 gxh6
10.Qd1f3 d5
11.Bc4xd5 Qe5xa1
12.Ke2 Qa1g7
13.h3 Bc8e6
14.Bd5xb7 Ra8b8
15.Bb7xa6 Bc5xa3
16.Rh1a1 Ba3b4
17.Ra1b1 Qg7c3
18.Rb1d1 Qc3xc2
19.Qf3e3 Rb8b6
20.Ba6c4 Be6xc4
21.dxc4 Bb4xd2
22.Rd1xd2 Qc2xc4
23.Kf3 Rb6f6
24.Kg3 Rh8g8
25.Kh2 Rf6a6
26.Qe3g3 Ra6g6
27.Qg3e5 Qc4e6
28.Qe5b5 c6
29.Qb5b8 Ke7
30.Qb8c7 Qe6d7
31.Rd2xd7 Ke8
32.Qc7d8 { resign }
1-0